เส้นทางสู่อำนาจ มนูญ รูปขจร อาทิตย์ กำลังเอก ใต้เงา เปรม ติณสูลานนท์ / (ระเบียนเลขที่ 50281)
| 000 -LEADER | |
|---|---|
| fixed length control field | 00929nam a22002177a 4500 |
| 005 - DATE AND TIME OF LATEST TRANSACTION | |
| control field | 20210325200533.0 |
| 008 - FIXED-LENGTH DATA ELEMENTS--GENERAL INFORMATION | |
| fixed length control field | s2549 th tha d |
| 020 ## - INTERNATIONAL STANDARD BOOK NUMBER | |
| International Standard Book Number | 9743238255 |
| 040 ## - CATALOGING SOURCE | |
| Original cataloging agency | NALT |
| 041 ## - LANGUAGE CODE | |
| Language code of text/sound track or separate title | tha |
| 050 ## - LIBRARY OF CONGRESS CALL NUMBER | |
| Classification number | JQ 1745.A5 |
| Item number | ส894ส 2549 |
| 100 0# - MAIN ENTRY--PERSONAL NAME | |
| Personal name | เสถียร จันทิมาธร |
| 245 10 - TITLE STATEMENT | |
| Title | เส้นทางสู่อำนาจ มนูญ รูปขจร อาทิตย์ กำลังเอก ใต้เงา เปรม ติณสูลานนท์ / |
| Statement of responsibility, etc. | เสถียร จันทิมาธร |
| 260 ## - PUBLICATION, DISTRIBUTION, ETC. | |
| Place of publication, distribution, etc. | กรุงเทพฯ : |
| Name of publisher, distributor, etc. | มติชน, |
| Date of publication, distribution, etc. | 2549. |
| 300 ## - PHYSICAL DESCRIPTION | |
| Extent | 306 หน้า : |
| Other physical details | ภาพประกอบ ; |
| Dimensions | 21 ซม. |
| 650 04 - SUBJECT ADDED ENTRY--TOPICAL TERM | |
| Topical term or geographic name entry element | รัฐประหาร -- ไทย |
| 650 04 - SUBJECT ADDED ENTRY--TOPICAL TERM | |
| Topical term or geographic name entry element | ทหาร -- กิจกรรมทางการเมือง |
| 850 ## - HOLDING INSTITUTION | |
| Holding institution | NALT |
| 942 ## - ADDED ENTRY ELEMENTS (KOHA) | |
| Koha item type | General Book |
| Koha issues (borrowed), all copies | 1 |
| Source of classification or shelving scheme | Library of Congress Classification |
| Withdrawn status | Lost status | Damaged status | Not for loan | Collection code | Home library | Current library | Cost, normal purchase price | Total Checkouts | Full call number | Barcode | Date last seen | Date last checked out | Cost, replacement price | Price effective from | Koha item type | Source of classification or shelving scheme | Shelving location | Date acquired |
|---|---|---|---|---|---|---|---|---|---|---|---|---|---|---|---|---|---|---|
| General Book collection | National Assembly Library of Thailand | National Assembly Library of Thailand | 180.00 | 1 | JQ 1745.A5 ส894ส 2549 | 3961164481 | 20/03/2024 | 20/12/2017 | 230.00 | 09/06/2017 | General Book | |||||||
| Senate | National Assembly Library of Thailand | National Assembly Library of Thailand | JQ 1745.A5 ส894ส 2549 | 0100001982001 | 27/12/2023 | 02/02/2022 | General Book | Library of Congress Classification | General Book shelves | 02/02/2022 |
